000 01036nam a2200265 i 4500
003 DO-SdBNP
005 20230810115128.0
007 ta
008 110627s1991 dr 000 0 spa d
040 _aDO-SdBNP
_bspa
_cBNPHU
_erda
082 _axxxx
_bP438c
100 _aPérez Martínez, Ramón
_958433
_d1948-
245 1 0 _aCharla pronunciada por el administrador general de la Corporación Dominicana de Electricidad en la Biblioteca República Dominicana, Ing. Ramón Pérez Martínez /andos :
_cRamón Pérez Martínez
246 _aNotas al vuelo de una charla sobre las condiciones básicas de los triunfadores /
264 1 _aSanto Domingo :
_bOff-set impresora Capellán,
_c1991.
300 _a20 [10] páginas
_c21 cm.
336 _2rdacontent
_atexto
_btxt
337 _2rdamedia
_asin mediación
_bn
338 _2rdacarrier
_avolumen
_bnc
490 1 _aOpusculo RPM
500 _aIncluye datos biográficos del autor en la contraportada.
590 _aInventariado, 2023/ YL
910 _aYLockward
942 _2ddc
_cLF2
999 _c54376
_d54376